00766nam a2200181 a 450000100100000000500170001000800410002704000250006808200150009311001280010824500760023626000370031230000290034971000670037804900090044595201130045499900170056700002412420200930022734.0110119s1999 dr a 000 0 spa d aDO-SdBNPbspacBNPHU axxxbI597i1 aInstituto Nacional de Formación Técnico ProfesionalbOficina de planificación, departamento de investigación94954010aInfotep en cifras :bestadisticas de las acciones formativas 1982-1998. aSanto Domingo :bINFOTEP,c1999. a92 P. :bgraf. ;c29 cm.2 aInstituto Nacional de Formación Técnico Profesional935749 aBNPD 0010718PDaPDbPDcCTd2011-01-19iLF1l0oxxx I597ip24124-10r2020-06-25w2020-06-25yLFPDZNo se presta c23618d23618